000 00843cab a2200193 4500
001 ##L135046
008 060920n2006 000 0 eng u
035 _a(Sirsi) u135046
041 0 _aeng
100 1 _aMcCormick, Helen
245 0 0 _aBalfour passes 1 000 contract mark for 2006
260 _c2006
490 0 _aContract Journal
_v435(6593) 20 September 2006, 16-17(2)
520 _aBalfour Beatty is at the top of Contract Journal's ranking of new work winners for August 2006. The company secured 77 new contracts worth just under £381m. Most of the contracts were from the public sector, especially healthcare. All of the companies in the top six of the ranking gained new contracts worth over £100m. Tables.
590 _aIKA031006
651 4 _aGREAT BRITAIN
690 _aBUILT ENVIRONMENT-CONSTRUCTION MARKET
942 _n0
999 _c77770
_d77770